Política e cultura no Brasil contemporaneo : a experiencia das eleicoes presidenciais de 89 /
Enregistré dans:
| Auteur principal: | |
|---|---|
| Collectivité auteur: | |
| Format: | Inconnue |
| Langue: | Portuguese |
| Publié: |
Rio de Janeiro, Brasil:
UFRJ, Centro Interdisciplinar de Estudos Contemporaneos,
1991.
|
| Collection: | Papeis avulsos
31 |
| Sujets: | |
| Tags: |
Ajouter un tag
Pas de tags, Soyez le premier à ajouter un tag!
|
MARC
| LEADER | 000000000a22000000004500 | ||
|---|---|---|---|
| 001 | 001036 | ||
| 008 | 150610s1991 bl | |||| 000 0 por d | ||
| 041 | 0 | |a portugués | |
| 082 | |a 354.81 |b P436p | ||
| 100 | 1 | |a Pereira, Carlos Alberto Messeder |d 1951- | |
| 110 | 1 | |a Universidade Federal do Rio de Janeiro. Centro Interdisciplinar de Estudos Contemporaneos | |
| 245 | 1 | 0 | |a Política e cultura no Brasil contemporaneo : |b a experiencia das eleicoes presidenciais de 89 / |c Carlos Alberto Messeder Pereira |
| 260 | |a Rio de Janeiro, Brasil: |b UFRJ, Centro Interdisciplinar de Estudos Contemporaneos, |c 1991. | ||
| 300 | |a 19 páginas | ||
| 490 | 1 | |a Papeis avulsos |v 31 | |
| 500 | |a Número de inscripción 12674 (George Yúdice) | ||
| 650 | 4 | |a BRASIL | |
| 650 | 4 | |a POLITICA CULTURAL | |
| 942 | |2 ddc |c BK | ||
| 999 | |c 2162 |d 2162 | ||
